Celková charakteristika vývoja hospodárstva SR v uplynulom roku (II)

Podrobná bibliografia
Médium: Článok
Jazyk:slovenčina
Fyzický popis:Tab.
ISSN:0862-9567
Predmet:

MARC

LEADER 00000nab a2200000 a 4500
001 vtls000723847
003 SK-MaSNL
005 20260426103957.0
008 140228c2000 xo 0 slo
015 |a SNBRB2000/06-16268 
035 |a CLN000076012 
040 |a SNKBUCL  |b slo  |c SNKBUCL  |e AACR2 
041 0 |a slo 
044 |a xo  |c SK 
080 |a 31:33(437.6)  |2 1997 
245 0 0 |a Celková charakteristika vývoja hospodárstva SR v uplynulom roku (II) 
300 |b Tab. 
648 7 |a 1999  |2 SNK  |9 266597 
650 0 7 |a národné hospodárstvo  |2 SNKPH  |9 846 
650 0 7 |a ekonomika  |2 SNKPH  |9 789 
651 7 |a Slovensko  |2 SNKPHgeo  |9 14231 
655 7 |a články z novín a časopisov  |2 snkbucl  |9 267496 
773 0 |t Hospodárske noviny  |g Roč. 8, č. 79 (25.4.2000), s. 7  |x 0862-9567 
850 |a Slovenská národná knižnica v Martine 
852 |a SNK  |b KIS3GCP 
958 |a SK 
992 |a RBX 
999 |c 3303039  |d 3304969